[Event "Porto district-ch U14"]
[Site "Porto"]
[Date "2006.02.28"]
[Round "4"]
[White "Costa, Catarina Guerra De"]
[Black "Pintor, Antonio Bastos"]
[Result "0-1"]
[WhiteElo "1699"]
[BlackElo "1203"]
[PlyCount "38"]
[EventDate "2006.02.25"]
[EventType "tourn"]
[EventRounds "5"]
[EventCountry "POR"]
[SourceTitle "EXT 2008"]
[Source "ChessBase"]
[SourceDate "2007.11.25"]
[SourceVersion "1"]
[SourceVersionDate "2007.11.25"]
[SourceQuality "1"]

1. e4 e5 2. f4 d6 3. Nf3 Nc6 4. Bc4 Be6 5. Bxe6 fxe6 6. d3 Nf6 7. 0-0 Be7 8. c3 0-0 9. Qb3 Qd7 10. f5 Nd8 11. Ng5 h6 12. Nxe6 Nxe6 13. fxe6 Qe8 14. Qxb7 Rb8 15. Qxc7 Bd8 16. Qxd6 Bb6+ 17. Kh1 Ng4 18. Rf3 Qh5 19. h3 Rxf3 0-1